000 00964nam a2200265Ia 4500
003 OSt
005 20221005104256.0
006 a|||||r|||| 00| 0
007 ta
008 221004b |||||||| |||| 00| 0 hin d
020 _a9788177023589 (hbk)
_cINR 1500.00
024 _a29636
037 _b288, 07/03/2017, Eastern Book Linkers
_cTextual
040 _aCRL
_cCRL
_bhin
041 _2hin
_ahin
082 _aQ14, 152Q7
100 _aगौतम, सुदेश, ले.
245 0 _aअथर्ववेद एवं स्मार्त संस्कृति
246 _aAtharvaved evan smārta sanskṛuti
260 _aदिल्ली
_bप्रतिभा प्रकाशन भारत
_c2017
300 _a576पृ0
_ccm.
650 _aअर्थववेद
942 _hQ14, 152Q7
_cTEXL
_2cc
999 _c1012236
_d1012236